|
|
|
|
| LEADER |
00000nam a22000003a 4500 |
| 001 |
stu200279 |
| 005 |
20150408164118.9 |
| 008 |
100301s2008----xo------------------slo-d |
| 020 |
|
|
|a 978-80-224-1103-5
|
| 040 |
|
|
|a STU
|b slo
|
| 041 |
0 |
|
|a slo
|
| 044 |
|
|
|a xo
|
| 080 |
|
|
|a 311(437.6)
|
| 245 |
|
|
|a Štatistická ročenka Slovenskej republiky 2009 = Statistical Yearbook of the Slovak Republik 2009
|
| 250 |
|
|
|a 1. vyd.
|
| 260 |
|
|
|a Bratislava :
|b Veda,
|c 2009
|
| 300 |
|
|
|a 692 s
|c príl.
|
| 500 |
|
|
|a Súčasťou publikácie je elektronická verzia na CD-ROM
|
| 650 |
|
7 |
|a Štatistika slovenská
|2 stusub
|
| 856 |
4 |
|
|a https://sweb.mtf.stuba.sk/obsahy/statisticka_rocenka_09
|u https://sweb.mtf.stuba.sk/obsahy/statisticka_rocenka_09
|3 OBSAH
|
| 996 |
|
|
|b 284EK88224
|c E*88224
|l EE0101
|s P
|a 0
|w stu200279_0001
|
| 996 |
|
|
|b 284M078144
|c M*9192/2009-1
|l MMKN
|s A
|a 24
|w stu200279_0002
|
| 996 |
|
|
|b 284J036826
|c J*112131
|l JJST
|s P
|a 0
|w stu200279_0003
|
| 996 |
|
|
|b 284M078145
|c M*CD-1553
|l MMKN
|s A
|a 24
|w stu200279_0004
|